000 00501nam a2200193Ia 4500
005 20250508162456.0
008 008 250505s9999 xx 000 0 hin d
037 _aTextual
040 _aFEDL
_beng
_cFEDL
041 _ahin
_2eng
084 _a294.5, VER
_qFEDL
100 _aVerma Ramchandra
245 0 _aSri Matsaya puran
260 _aDelhi, India
_bDharma Prakashan
_c1981
300 _a176p.
365 _aINR
_b60
942 _cTEXL
_h294.5, VER
999 _c1376793
_d1376793